000
00290nam a22001217a 4500
082
_a
823
_b
LOU/S
100
_a
CHISHDN, LOUCY
245
_a
STORIES OF KING ARTHUR'S KNIGHTS
260
_a
LONDON
_b
THOMAS NELSON & SONS
300
_a
119
650
_a
ENGLISH STORY
_z
UNITED KINGDOM
942
_c
BK
999
_c
7309
_d
7309